The Legend of Zelda: Tears of the Kingdom Hyrule Compendium - Statistics

General Stats
  • This quiz has been taken 203 times
    154 since last reset
  • The average score is 173 of 509
Answer Stats
Section Number Answer % Correct
Monsters 121 Bokoblin
80%
Creatures 001 Horse
73%
Monsters 130 Moblin
67%
Monsters 123 Black Bokoblin
64%
Monsters 122 Blue Bokoblin
64%
Materials 203 Apple
62%
Monsters 135 Lizalfos
62%
Monsters 147 Lynel
62%
Monsters 125 Silver Bokoblin
62%
Monsters 126 Boss Bokoblin
60%
Monsters 093 Chuchu
60%
Monsters 190 Farosh
60%
Monsters 128 Black Boss Bokoblin
58%
Monsters 177 Black Hinox
58%
Monsters 132 Black Moblin
58%
Monsters 176 Blue Hinox
58%
Monsters 131 Blue Moblin
58%
Monsters 188 Dinraal
58%
Monsters 096 Electric Chuchu
58%
Monsters 094 Fire Chuchu
58%
Monsters 175 Hinox
58%
Monsters 095 Ice Chuchu
58%
Monsters 097 Keese
58%
Monsters 202 Light Dragon
58%
Monsters 189 Naydra
58%
Monsters 150 Silver Lynel
58%
Monsters 134 Silver Moblin
58%
Monsters 178 Stalnox
58%
Monsters 169 Stone Talus
58%
Monsters 118 Aerocuda
56%
Monsters 137 Black Lizalfos
56%
Monsters 127 Blue Boss Bokoblin
56%
Monsters 136 Blue Lizalfos
56%
Monsters 191 Colgera
56%
Monsters 199 Demon King Ganondorf
56%
Monsters 200 Demon King Ganondorf (2nd Form)
56%
Monsters 129 Silver Boss Bokoblin
56%
Monsters 124 Stalkoblin
56%
Monsters 100 Electric Keese
53%
Monsters 098 Fire Keese
53%
Monsters 099 Ice Keese
53%
Monsters 112 Like Like
53%
Monsters 165 Master Kohga
53%
Equipment (One-Handed) 329 Master Sword
53%
Monsters 179 Molduga
53%
Monsters 196 Queen Gibdo
53%
Monsters 142 Silver Lizalfos
53%
Monsters 133 Stalmoblin
53%
Monsters 164 Yiga Blademaster
53%
Monsters 172 Battle Talus
51%
Monsters 148 Blue-Maned Lynel
51%
Monsters 113 Fire Like
51%
Monsters 160 Flux Construct I
51%
Monsters 161 Flux Construct II
51%
Monsters 162 Flux Construct III
51%
Creatures 002 Giant Horse
51%
Monsters 119 Gibdo
51%
Monsters 114 Ice Like
51%
Monsters 173 Igneo Talus
51%
Monsters 193 Marbled Gohma
51%
Monsters 198 Phantom Ganon
51%
Monsters 151 Soldier Construct I
51%
Monsters 152 Soldier Construct II
51%
Monsters 153 Soldier Construct III
51%
Monsters 154 Soldier Construct IV
51%
Treasures 504 Treasure Chest
51%
Monsters 149 White-Maned Lynel
51%
Monsters 163 Yiga Footsoldier
51%
Monsters 155 Captain Construct I
49%
Monsters 156 Captain Construct II
49%
Monsters 157 Captain Construct III
49%
Monsters 158 Captain Construct IV
49%
Monsters 201 Demon Dragon
49%
Monsters 140 Ice-Breath Lizalfos
49%
Monsters 195 Mucktorok
49%
Treasures 506 Rare Ore Deposit
49%
Monsters 194 Sludge Like
49%
Monsters 138 Stalizalfos
49%
Monsters 170 Stone Talus (Luminous)
49%
Monsters 171 Stone Talus (Rare)
49%
Monsters 101 Water Octorok
49%
Creatures 003 White Horse
49%
Monsters 141 Electric Lizalfos
47%
Monsters 139 Fire-Breath Lizalfos
47%
Monsters 174 Frost Talus
47%
Monsters 185 Frox
47%
Materials 204 Golden Apple
47%
Creatures 005 Golden Horse
47%
Materials 208 Hydromelon
47%
Equipment (Shields) 471 Hylian Shield
47%
Monsters 183 King Gleeok
47%
Treasures 505 Ore Deposit
47%
Monsters 115 Shock Like
47%
Creatures 006 Stalhorse
47%
Creatures 007 Donkey
44%
Monsters 181 Frost Gleeok
44%
Monsters 143 Horriblin
44%
Monsters 167 Igneo Pebblit
44%
Monsters 192 Moragia
44%
Monsters 186 Obsidian Frox
44%
Monsters 103 Rock Octorok
44%
Monsters 197 Seized Construct
44%
Materials 253 Silent Princess
44%
Monsters 105 Treasure Octorok
44%
Materials 206 Wildberry
44%
Monsters 145 Black Horriblin
42%
Monsters 144 Blue Horriblin
42%
Materials 224 Chillshroom
42%
Monsters 117 Evermean
42%
Monsters 180 Flame Gleeok
42%
Monsters 102 Forest Octorok
42%
Monsters 168 Frost Pebblit
42%
Materials 218 Hylian Shroom
42%
Materials 212 Mighty Bananas
42%
Monsters 120 Moth Gibdo
42%
Equipment (One-Handed) 342 Royal Broadsword
42%
Equipment (One-Handed) 343 Royal Broadsword✦
42%
Equipment (Shields) 491 Royal Guard’s Shield
42%
Equipment (Shields) 481 Royal Shield
42%
Creatures 008 Sand Seal
42%
Monsters 146 Silver Horriblin
42%
Monsters 166 Stone Pebblit
42%
Monsters 182 Thunder Gleeok
42%
Monsters 187 Blue-White Frox
40%
Creatures 031 Bubbulfrog
40%
Materials 241 Endura Carrot
40%
Materials 220 Endura Shroom
40%
Monsters 106 Fire Wizzrobe
40%
Equipment (Bows) 452 Gerudo Bow
40%
Equipment (One-Handed) 350 Gerudo Scimitar
40%
Equipment (One-Handed) 351 Gerudo Scimitar✦
40%
Equipment (Spears) 427 Gerudo Spear
40%
Equipment (Spears) 428 Gerudo Spear✦
40%
Creatures 028 Grizzlemaw Bear
40%
Creatures 029 Hylian Retriever
40%
Treasures 507 Luminous Stone Deposit
40%
Monsters 116 Rock Like
40%
Equipment (Two-Handed) 381 Royal Claymore
40%
Equipment (Two-Handed) 382 Royal Claymore✦
40%
Equipment (One-Handed) 357 Royal Guard’s Sword
40%
Equipment (One-Handed) 358 Royal Guard’s Sword✦
40%
Equipment (Two-Handed) 395 Rusty Claymore
40%
Equipment (Spears) 429 Rusty Halberd
40%
Equipment (One-Handed) 338 Soldier’s Broadsword
40%
Equipment (One-Handed) 339 Soldier’s Broadsword✦
40%
Equipment (Spears) 414 Soldier’s Spear
40%
Equipment (Spears) 415 Soldier’s Spear✦
40%
Materials 225 Sunshroom
40%
Materials 210 Voltfruit
40%
Equipment (Spears) 422 Zora Spear
40%
Equipment (Spears) 423 Zora Spear✦
40%
Materials 236 Big Hearty Radish
38%
Creatures 030 Blupee
38%
Equipment (Two-Handed) 387 Boulder Breaker
38%
Creatures 072 Fairy
38%
Materials 213 Fire Fruit
38%
Creatures 004 Giant White Stallion
38%
Creatures 018 Hateno Cow
38%
Materials 235 Hearty Radish
38%
Creatures 086 Hot-Footed Frog
38%
Materials 233 Hyrule Herb
38%
Equipment (One-Handed) 340 Knight’s Broadsword
38%
Equipment (One-Handed) 341 Knight’s Broadsword✦
38%
Materials 205 Palm Fruit
38%
Equipment (Bows) 454 Royal Guard’s Bow
38%
Equipment (Spears) 430 Royal Guard’s Spear
38%
Materials 221 Stamella Shroom
38%
Creatures 092 Sticky Lizard
38%
Treasures 509 Well
38%
Materials 226 Zapshroom
38%
Equipment (One-Handed) 346 Zora Sword
38%
Equipment (One-Handed) 347 Zora Sword✦
38%
Materials 223 Big Hearty Truffle
36%
Materials 247 Blue Nightshade
36%
Equipment (Bows) 456 Boko Bow
36%
Materials 252 Bomb Flower
36%
Equipment (Two-Handed) 385 Cobble Crusher
36%
Equipment (Two-Handed) 386 Cobble Crusher✦
36%
Monsters 108 Electric Wizzrobe
36%
Creatures 091 Fireproof Lizard
36%
Materials 242 Fortified Pumpkin
36%
Materials 222 Hearty Truffle
36%
Creatures 027 Honeyvore Bear
36%
Materials 214 Ice Fruit
36%
Monsters 107 Ice Wizzrobe
36%
Materials 229 Ironshroom
36%
Equipment (Bows) 445 Knight’s Bow
36%
Equipment (Spears) 424 Lightscale Trident
36%
Creatures 015 Mountain Buck
36%
Creatures 009 Patricia
36%
Materials 228 Razorshroom
36%
Equipment (Bows) 446 Royal Bow
36%
Equipment (Two-Handed) 396 Royal Guard’s Claymore
36%
Equipment (Two-Handed) 397 Royal Guard’s Claymore✦
36%
Equipment (Spears) 418 Royal Halberd
36%
Equipment (Spears) 419 Royal Halberd✦
36%
Equipment (One-Handed) 355 Rusty Broadsword
36%
Equipment (One-Handed) 352 Scimitar of the Seven
36%
Materials 219 Skyshroom
36%
Monsters 104 Snow Octorok
36%
Equipment (Bows) 444 Soldier’s Bow
36%
Equipment (Shields) 479 Soldier’s Shield
36%
Materials 215 Splash Fruit
36%
Creatures 084 Sunset Firefly
36%
Monsters 111 Thunder Wizzrobe
36%
Monsters 159 Training Construct
36%
Equipment (One-Handed) 360 Wooden Stick
36%
Equipment (Shields) 498 Zonaite Shield
36%
Creatures 034 Blue Sparrow
33%
Equipment (One-Handed) 368 Bokoblin Arm
33%
Equipment (Shields) 492 Boko Shield
33%
Equipment (One-Handed) 333 Boomerang
33%
Equipment (One-Handed) 334 Boomerang✦
33%
Creatures 024 Cold-Footed Wolf
33%
Creatures 085 Deep Firefly
33%
Creatures 050 Eldin Ostrich
33%
Equipment (Shields) 485 Gerudo Shield
33%
Equipment (Two-Handed) 373 Giant Boomerang
33%
Equipment (Two-Handed) 374 Giant Boomerang✦
33%
Equipment (One-Handed) 370 Gloom Sword
33%
Creatures 020 Grassland Fox
33%
Equipment (Bows) 451 Great Eagle Bow
33%
Creatures 054 Hearty Bass
33%
Creatures 056 Hearty Salmon
33%
Materials 207 Hylian Tomato
33%
Creatures 053 Hyrule Bass
33%
Equipment (One-Handed) 369 Lizalfos Arm
33%
Monsters 109 Meteo Wizzrobe
33%
Creatures 066 Mighty Porgy
33%
Equipment (Two-Handed) 405 Moblin Arm
33%
Creatures 016 Mountain Doe
33%
Materials 227 Rushroom
33%
Materials 216 Shock Fruit
33%
Creatures 055 Staminoka Bass
33%
Materials 240 Swift Carrot
33%
Equipment (Spears) 412 Traveler’s Spear
33%
Equipment (Spears) 413 Traveler’s Spear✦
33%
Equipment (One-Handed) 336 Traveler’s Sword
33%
Equipment (One-Handed) 330 Tree Branch
33%
Creatures 073 Winterwing Butterfly
33%
Equipment (Bows) 442 Wooden Bow
33%
Equipment (Bows) 469 Zonaite Bow
33%
Equipment (One-Handed) 364 Zonaite Sword
33%
Creatures 064 Ancient Arowana
31%
Monsters 110 Blizzrobe
31%
Materials 271 Bokoblin Horn
31%
Materials 249 Brightbloom Seed
31%
Creatures 077 Cold Darner
31%
Materials 237 Cool Safflina
31%
Creatures 052 Cucco
31%
Equipment (Bows) 455 Dusk Bow
31%
Equipment (One-Handed) 353 Eightfold Blade
31%
Equipment (One-Handed) 354 Eightfold Blade✦
31%
Materials 211 Fleet-Lotus Seeds
31%
Equipment (Two-Handed) 406 Gloom Club
31%
Creatures 090 Hearty Lizard
31%
Creatures 089 Hightail Lizard
31%
Materials 255 Hylian Pine Cone
31%
Equipment (Shields) 480 Knight’s Shield
31%
Monsters 184 Little Frox
31%
Equipment (Shields) 495 Lizal Shield
31%
Creatures 022 Maraudo Wolf
31%
Creatures 061 Mighty Carp
31%
Equipment (Shields) 472 Pot Lid
31%
Materials 232 Puffshroom
31%
Creatures 039 Rainbow Pigeon
31%
Creatures 069 Razorclaw Crab
31%
Creatures 033 Red Sparrow
31%
Creatures 080 Restless Cricket
31%
Materials 230 Silent Shroom
31%
Creatures 058 Sizzlefin Trout
31%
Equipment (Two-Handed) 377 Soldier’s Claymore
31%
Equipment (Two-Handed) 378 Soldier’s Claymore✦
31%
Materials 209 Spicy Pepper
31%
Creatures 088 Sticky Frog
31%
Creatures 074 Summerwing Butterfly
31%
Creatures 075 Thunderwing Butterfly
31%
Equipment (One-Handed) 337 Traveler’s Sword✦
31%
Materials 238 Warm Safflina
31%
Creatures 023 Wasteland Coyote
31%
Equipment (Shields) 474 Wooden Shield
31%
Treasures 508 Zonaite Deposit
31%
Equipment (Spears) 435 Zonaite Spear
31%
Equipment (Bows) 448 Zora Bow
31%
Materials 246 Armoranth
29%
Creatures 062 Armored Carp
29%
Creatures 067 Armored Porgy
29%
Creatures 044 Bright-Chested Duck
29%
Creatures 071 Bright-Eyed Crab
29%
Creatures 057 Chillfin Trout
29%
Creatures 032 Common Sparrow
29%
Materials 254 Courser Bee Honey
29%
Materials 217 Dazzlefruit
29%
Creatures 026 Dondon
29%
Equipment (Bows) 458 Dragonbone Boko Bow
29%
Materials 239 Electric Safflina
29%
Equipment (Shields) 482 Forest Dweller’s Shield
29%
Equipment (One-Handed) 344 Forest Dweller’s Sword
29%
Equipment (One-Handed) 345 Forest Dweller’s Sword✦
29%
Equipment (Two-Handed) 389 Gerudo Claymore
29%
Equipment (Two-Handed) 390 Gerudo Claymore✦
29%
Equipment (Spears) 439 Gloom Spear
29%
Creatures 019 Highland Sheep
29%
Creatures 070 Ironshell Crab
29%
Equipment (Spears) 416 Knight’s Halberd
29%
Equipment (Spears) 417 Knight’s Halberd✦
29%
Materials 283 Lizalfos Horn
29%
Materials 245 Mighty Thistle
29%
Equipment (Shields) 500 Mighty Zonaite Shield
29%
Materials 279 Moblin Horn
29%
Creatures 013 Mountain Goat
29%
Materials 251 Muddle Bud
29%
Equipment (Bows) 453 Phrenic Bow
29%
Creatures 046 Pink Heron
29%
Equipment (Shields) 490 Rusty Shield
29%
Creatures 063 Sanke Carp
29%
Equipment (Bows) 464 Savage Lynel Bow
29%
Creatures 021 Snowcoat Fox
29%
Materials 244 Swift Violet
29%
Creatures 025 Tabantha Moose
29%
Equipment (Two-Handed) 398 Thick Stick
29%
Equipment (Bows) 443 Traveler’s Bow
29%
Equipment (Shields) 478 Traveler’s Shield
29%
Creatures 078 Warm Darner
29%
Creatures 014 White Goat
29%
Equipment (Shields) 483 Zora Shield
29%
Creatures 042 Accented Pigeon
27%
Equipment (Two-Handed) 388 Biggoron’s Sword
27%
Materials 273 Black Bokoblin Horn
27%
Materials 277 Black Boss Bokoblin Horn
27%
Materials 285 Black Lizalfos Horn
27%
Materials 281 Black Moblin Horn
27%
Materials 272 Blue Bokoblin Horn
27%
Materials 276 Blue Boss Bokoblin Horn
27%
Materials 284 Blue Lizalfos Horn
27%
Materials 280 Blue Moblin Horn
27%
Creatures 045 Blue-Winged Heron
27%
Materials 275 Boss Bokoblin Horn
27%
Materials 306 Captain Construct I Horn
27%
Equipment (Bows) 470 Demon King’s Bow
27%
Equipment (Bows) 465 Duplex Bow
27%
Creatures 079 Electric Darner
27%
Materials 288 Electric Lizalfos Horn
27%
Materials 286 Fire-Breath Lizalfos Horn
27%
Equipment (Bows) 447 Forest Dweller’s Bow
27%
Materials 250 Giant Brightbloom Seed
27%
Creatures 037 Golden Sparrow
27%
Materials 287 Ice-Breath Lizalfos Horn
27%
Equipment (Shields) 484 Kite Shield
27%
Equipment (Two-Handed) 379 Knight’s Claymore
27%
Equipment (Two-Handed) 380 Knight’s Claymore✦
27%
Materials 256 Korok Frond
27%
Equipment (Bows) 459 Lizal Bow
27%
Equipment (Bows) 462 Lynel Bow
27%
Equipment (Shields) 501 Lynel Shield
27%
Creatures 043 Mountain Crow
27%
Creatures 035 Rainbow Sparrow
27%
Creatures 012 Red-Tusked Boar
27%
Equipment (Spears) 431 Royal Guard’s Spear✦
27%
Creatures 036 Sand Sparrow
27%
Creatures 048 Seagull
27%
Materials 274 Silver Bokoblin Horn
27%
Materials 278 Silver Boss Bokoblin Horn
27%
Materials 289 Silver Lizalfos Horn
27%
Materials 282 Silver Moblin Horn
27%
Materials 302 Soldier Construct Horn
27%
Materials 303 Soldier Construct II Horn
27%
Equipment (One-Handed) 332 Soup Ladle
27%
Materials 234 Stambulb
27%
Creatures 060 Stealthfin Trout
27%
Creatures 087 Tireless Frog
27%
Equipment (Two-Handed) 375 Traveler’s Claymore
27%
Equipment (Two-Handed) 376 Traveler’s Claymore✦
27%
Creatures 059 Voltfin Trout
27%
Creatures 017 Water Buffalo
27%
Creatures 041 White Pigeon
27%
Creatures 011 Woodland Boar
27%
Creatures 038 Wood Pigeon
27%
Equipment (Two-Handed) 401 Zonaite Longsword
27%
Equipment (Bows) 440 Arrow
24%
Materials 231 Brightcap
24%
Creatures 010 Bushy-Tailed Squirrel
24%
Materials 307 Captain Construct II Horn
24%
Materials 308 Captain Construct III Horn
24%
Materials 309 Captain Construct IV Horn
24%
Materials 257 Chuchu Jelly
24%
Creatures 049 Cloud Seagull
24%
Equipment (Bows) 466 Construct Bow
24%
Equipment (Shields) 487 Daybreaker
24%
Equipment (Shields) 494 Dragonbone Boko Shield
24%
Equipment (Two-Handed) 393 Dusk Claymore
24%
Equipment (Bows) 450 Falcon Bow
24%
Equipment (One-Handed) 348 Feathered Edge
24%
Equipment (One-Handed) 349 Feathered Edge✦
24%
Equipment (Shields) 477 Fisherman’s Shield
24%
Equipment (Spears) 420 Forest Dweller’s Spear
24%
Equipment (Spears) 421 Forest Dweller’s Spear✦
24%
Creatures 051 Forest Ostrich
24%
Materials 310 Hinox Horn
24%
Materials 290 Horriblin Horn
24%
Creatures 040 Hotfeather Pigeon
24%
Equipment (Shields) 476 Hunter’s Shield
24%
Creatures 047 Islander Hawk
24%
Equipment (Spears) 432 Long Stick
24%
Equipment (Bows) 463 Mighty Lynel Bow
24%
Materials 258 Red Chuchu Jelly
24%
Equipment (One-Handed) 335 Sea-Breeze Boomerang
24%
Materials 300 Silver Lynel Saber Horn
24%
Creatures 076 Smotherwing Butterfly
24%
Creatures 068 Sneaky River Snail
24%
Materials 304 Soldier Construct III Horn
24%
Materials 305 Soldier Construct IV Horn
24%
Equipment (Shields) 499 Strong Zonaite Shield
24%
Materials 248 Sundelion
24%
Materials 243 Sun Pumpkin
24%
Materials 259 White Chuchu Jelly
24%
Materials 260 Yellow Chuchu Jelly
24%
Materials 312 Black Hinox Horn
22%
Materials 292 Black Horriblin Horn
22%
Creatures 081 Bladed Rhino Beetle
22%
Materials 311 Blue Hinox Horn
22%
Materials 291 Blue Horriblin Horn
22%
Materials 296 Blue-Maned Lynel Saber Horn
22%
Materials 321 Dinraal’s Horn
22%
Equipment (Two-Handed) 391 Eightfold Longblade
22%
Equipment (Two-Handed) 392 Eightfold Longblade✦
22%
Creatures 083 Energetic Rhino Beetle
22%
Equipment (Two-Handed) 371 Farming Hoe
22%
Materials 325 Farosh’s Horn
22%
Equipment (Spears) 425 Feathered Spear
22%
Equipment (Spears) 426 Feathered Spear✦
22%
Equipment (Two-Handed) 394 Fierce Deity Sword
22%
Creatures 065 Glowing Cave Fish
22%
Materials 327 Light Dragon’s Horn
22%
Materials 294 Lynel Saber Horn
22%
Equipment (One-Handed) 367 Magic Rod
22%
Equipment (Two-Handed) 404 Magic Scepter
22%
Equipment (Bows) 468 Mighty Construct Bow
22%
Equipment (One-Handed) 366 Mighty Zonaite Sword
22%
Equipment (Shields) 496 Reinforced Lizal Shield
22%
Equipment (Shields) 503 Savage Lynel Shield
22%
Equipment (Shields) 489 Sea-Breeze Shield
22%
Equipment (Shields) 488 Shield of the Mind’s Eye
22%
Materials 293 Silver Horriblin Horn
22%
Equipment (Bows) 457 Spiked Boko Bow
22%
Equipment (Shields) 493 Spiked Boko Shield
22%
Materials 313 Stalnox Horn
22%
Equipment (One-Handed) 365 Strong Zonaite Sword
22%
Equipment (Bows) 449 Swallow Bow
22%
Equipment (One-Handed) 331 Torch
22%
Materials 298 White-Maned Lynel Saber Horn
22%
Equipment (Two-Handed) 383 Zora Longsword
22%
Equipment (Two-Handed) 384 Zora Longsword✦
22%
Materials 269 Aerocuda Eyeball
20%
Materials 297 Blue-Maned Lynel Mace Horn
20%
Materials 320 Blue-White Frox Fang
20%
Equipment (Two-Handed) 372 Boat Oar
20%
Materials 318 Frox Fang
20%
Materials 270 Gibdo Bone
20%
Equipment (Spears) 434 Gnarled Long Stick
20%
Equipment (Two-Handed) 400 Gnarled Thick Stick
20%
Equipment (One-Handed) 362 Gnarled Wooden Stick
20%
Materials 261 Keese Eyeball
20%
Equipment (One-Handed) 363 Lizal Boomerang
20%
Materials 295 Lynel Mace Horn
20%
Equipment (Spears) 438 Magic Staff
20%
Equipment (Shields) 502 Mighty Lynel Shield
20%
Materials 314 Molduga Jaw
20%
Materials 323 Naydra’s Horn
20%
Creatures 082 Rugged Rhino Beetle
20%
Materials 301 Silver Lynel Mace Horn
20%
Equipment (Bows) 461 Steel Lizal Bow
20%
Equipment (Bows) 467 Strong Construct Bow
20%
Equipment (Spears) 436 Strong Zonaite Spear
20%
Equipment (Two-Handed) 399 Sturdy Thick Stick
20%
Equipment (One-Handed) 356 Sword of the Hero
20%
Equipment (Spears) 410 Throwing Spear
20%
Equipment (Spears) 411 Throwing Spear✦
20%
Materials 299 White-Maned Lynel Mace Horn
20%
Equipment (One-Handed) 359 White Sword of the Sky
20%
Equipment (Spears) 407 Wooden Mop
20%
Materials 264 Electric Keese Eyeball
18%
Equipment (Shields) 475 Emblazoned Shield
18%
Equipment (Spears) 408 Farmer’s Pitchfork
18%
Materials 262 Fire Keese Eyeball
18%
Materials 266 Fire Like Stone
18%
Equipment (Spears) 409 Fishing Harpoon
18%
Materials 315 Gleeok Flame Horn
18%
Materials 316 Gleeok Frost Horn
18%
Materials 317 Gleeok Thunder Horn
18%
Materials 263 Ice Keese Eyeball
18%
Materials 267 Ice Like Stone
18%
Materials 265 Like Like Stone
18%
Equipment (Two-Handed) 403 Mighty Zonaite Longsword
18%
Equipment (Spears) 437 Mighty Zonaite Spear
18%
Materials 319 Obsidian Frox Fang
18%
Materials 268 Shock Like Stone
18%
Equipment (Shields) 497 Steel Lizal Shield
18%
Equipment (Spears) 433 Sturdy Long Stick
18%
Equipment (One-Handed) 361 Sturdy Wooden Stick
18%
Equipment (Shields) 473 Old Wooden Shield
16%
Materials 322 Shard of Dinraal’s Spike
16%
Materials 326 Shard of Farosh’s Spike
16%
Materials 328 Shard of Light Dragon’s Spike
16%
Materials 324 Shard of Naydra’s Spike
16%
Equipment (Bows) 460 Strengthened Lizal Bow
16%
Equipment (Two-Handed) 402 Strong Zonaite Longsword
16%
Equipment (Bows) 441 Old Wooden Bow
13%
Equipment (Shields) 486 Radiant Shield
13%
No matching quizzes found
Score Distribution
Percent of People with Each Score
Percentile by Number Answered
Your Score History
You have not taken this quiz since the last reset